The modern researcher

Bibliographic Details
Main Authors: Barzun, Jacques , 1907-2012 (Author), Graff, Henry F. (Author)
Format: Book
Published: New York : Harcout Brace Jovanovich , 1977
Edition:3rd ed.
Subjects:

MARC

LEADER 00000cam a2200000 7i4500
001 0000008603
005 20160621093000.0
008 021119s1977
020 |a 015562511X 
090 0 0 |a PN187   |b .B3 
100 0 |a Barzun, Jacques ,   |d 1907-2012 ,   |e author 
245 1 4 |a The modern researcher   |c Jacques Barzun dan Henry F. Graff 
250 |a 3rd ed. 
260 2 |a New York :   |b Harcout Brace Jovanovich ,   |c 1977 
300 |a 378 p. ;   |c 24 cm. 
650 0 |a Report writing 
700 0 |a Graff, Henry F. ,   |e author 
999 |a 1000048151   |b Book   |c OPEN SHELF (30 DAYS)   |e Gong Badak Campus 
999 |a 1000048152   |b Book   |c OPEN SHELF (30 DAYS)   |e Gong Badak Campus 
999 |a 1000070512   |b Book   |c OPEN SHELF (30 DAYS)   |e Gong Badak Campus